000 nam a22 7a 4500
999 _c9491
_d9491
008 180201b ||||| |||| 00| 0 eng d
100 _aJharna De
_95684
245 _aLab Manual :Mathematics - VIII
260 _aNew Delhi
_bCordova Publication
_c2007